000 00739nam a2200265Ia 4500
003 OSt
005 20221007112749.0
006 a|||||r|||| 00| 0
007 ta
008 221006b |||||||| |||| 00| 0 eng d
024 _a29,329
037 _cTextual
040 _aLCO
_cLCO
_beng
041 _2eng
_aeng
082 _aZ2,267, P1
100 _aKoul A.K. Ed.
245 0 _aIntellectual Property Rights
_b In Prospect and Retrospect
250 _a1st
260 _aDelhi
_bFaculty of Law India
_c2001
300 _a316
650 _aLaw of Intellectual Proptery Rights
_9708790
700 _a Ahuja V.K. Ed.
942 _hZ2,267, P1
_cTEXL
999 _c1198892
_d1198892